<?xml version="1.0" encoding="UTF-8"?>
<record
    xmlns:xsi="http://www.w3.org/2001/XMLSchema-instance"
    xsi:schemaLocation="http://www.loc.gov/MARC21/slim http://www.loc.gov/standards/marcxml/schema/MARC21slim.xsd"
    xmlns="http://www.loc.gov/MARC21/slim">

  <leader>00655nam a2200169   4500</leader>
  <datafield tag="999" ind1=" " ind2=" ">
    <subfield code="c">80824</subfield>
    <subfield code="d">80824</subfield>
  </datafield>
  <controlfield tag="008">210108b           ||||| |||| 00| 0 eng d</controlfield>
  <datafield tag="040" ind1=" " ind2=" ">
    <subfield code="a">DE-2950</subfield>
    <subfield code="b">ger</subfield>
    <subfield code="c">DE-2950</subfield>
    <subfield code="e">rda</subfield>
  </datafield>
  <datafield tag="041" ind1=" " ind2=" ">
    <subfield code="a">ger</subfield>
  </datafield>
  <datafield tag="100" ind1=" " ind2=" ">
    <subfield code="a">Gebauer, Armin:</subfield>
  </datafield>
  <datafield tag="245" ind1=" " ind2=" ">
    <subfield code="a">Neue H&#xE4;user auf den &#xE4;ltesten Kellern von Frankfurt (Oder).</subfield>
    <subfield code="c">Armin Gebauer</subfield>
  </datafield>
  <datafield tag="651" ind1=" " ind2=" ">
    <subfield code="a">Frankfurt (Oder)</subfield>
  </datafield>
  <datafield tag="773" ind1=" " ind2=" ">
    <subfield code="d">Frankfurt (Oder): Stadt Frankfurt (Oder) und B&#xFC;ro f&#xFC;r Stadtplanung, -forschung und -erneuerung</subfield>
    <subfield code="g">(2019), Nr. 27, Dezember, S. 11</subfield>
    <subfield code="t">Zentrum: Zeitschrift f&#xFC;r das Sanierungsgebiet ehemalige Altstadt Frankfurt (Oder)</subfield>
  </datafield>
  <datafield tag="942" ind1=" " ind2=" ">
    <subfield code="c">A</subfield>
  </datafield>
  <datafield tag="952" ind1=" " ind2=" ">
    <subfield code="0">0</subfield>
    <subfield code="1">0</subfield>
    <subfield code="4">0</subfield>
    <subfield code="7">0</subfield>
    <subfield code="9">79274</subfield>
    <subfield code="a">StAFF</subfield>
    <subfield code="b">StAFF</subfield>
    <subfield code="c">READ</subfield>
    <subfield code="d">2021-03-10</subfield>
    <subfield code="l">0</subfield>
    <subfield code="o">Z11</subfield>
    <subfield code="r">2021-03-10 00:00:00</subfield>
    <subfield code="w">2021-03-10</subfield>
    <subfield code="y">A</subfield>
  </datafield>
</record>
